Responses for Show #703 - Wednesday, September 30, 1987

Contestants

[<< previous game]

Heywood Sobel, an engineer from Mar Vista, California

Colleen Patten, a waitress from Santa Barbara, California

Cinthea Stahl, a student from Studio City, California (whose 1-day cash winnings total $6,600)

[next game >>]

Jeopardy! Round responses

STATE CAPITALS
FICTIONAL SISTERS
FRUIT
MUSICAL ANATOMY
THE '50s
FROM THE FRENCH
    $100 26
Little Rock

Cinthea
    $100 3
Wendy

Colleen
    $100 5
(Colleen: What is a tomato?)

grape

CintheaColleen
    $100 10
his nose

Heywood
    $100 21
Wham-O

Colleen
    $100 1
bouffant

Cinthea
    $200 27
St. Paul

Heywood
    $200 4
Katherine (Kate)

Heywood
    $200 6
rose

Heywood
    $200 11
eyes

Cinthea
    $200 22
Grammys

Cinthea
    $200 2
boudoir

Colleen
    $300 28
Harrisburg

Cinthea
    $300 15
Three Sisters

Cinthea
    $300 7
cherry

Cinthea
    $300 12
tummy

Colleen
    $300 23
domino theory

Cinthea
    $300 18
boutique

Heywood
    $400 29
Honolulu

Cinthea
    $400 16
(Cinthea: Who are Jo, Beth, Meg &...?)
(Alex: One more.)
(Cinthea: [shakes her head no])

Jo, Beth, Meg & Amy

Cinthea
    $400 8
(Cinthea: What is Mexico?)
(Heywood: What is Spain?)
(Colleen: What is Israel?)

United States

CintheaHeywood
Triple Stumper
    $400 13
an ear

Triple Stumper
    $400 24
Gorgeous George

Cinthea
    $400 19
bourgeois

Colleen
    $500 30
Nashville

Triple Stumper
    $500 17
"The Fall of the House of Usher"

Triple Stumper
    $500 9
(Heywood: What is a strawberry?)

cranberry

ColleenHeywood
    $500 14
brain

Colleen
    $500 25
(Heywood: Who is Pope John Paul II?)
(Colleen: Who is Pope John?)
(Alex: Be more specific.)
(Colleen: 4th?)
...
(Alex: Less than a minute to go.)

John XXIII

CintheaColleenHeywood
    $500 20
bouillabaisse

Heywood

Scores at the first commercial break (after clue 14):

Cinthea Colleen Heywood
$300 $1,500 -$400

Scores at the end of the Jeopardy! Round:

Cinthea Colleen Heywood
$2,400 $1,500 $100

Double Jeopardy! Round responses

BRITISH RULERS
AUTOMOBILES
MILITARY MOVIES
SCIENCE
RELIGION
PROVERBS OF DEATH
    $200 21
white & red

Cinthea
    $200 16
Indianapolis

Heywood
    $200 2
Das Boot

Cinthea
    $200 1
whale

Colleen
    $200 4
lay the golden egg

Heywood
    $400 22
William & Mary

Cinthea
    $400 17
Rolls Royce

Cinthea
    $400 3
dog tags

Colleen
    $400 12
Galileo

Heywood
    $2,500 26
(Cinthea: What is Judaism?)
(Alex: The song is the title song from the film "Friendly Persuasion" about [*].)
[The end-of-round signal sounds.]

Quakers (Society of Friends)

Cinthea
    $400 5
good

Cinthea
    $600 23
because he spoke no English

Triple Stumper
    $600 18
(Colleen: Who is Ford?)

Henry J. Kaiser

ColleenHeywood
    $600 9
Grenada

Cinthea
    $600 13
Jupiter

Cinthea
    $600 6
6 feet

Heywood
    $800 24
William the Conqueror

Heywood
    $800 19
(Cinthea: Who is Benz?)

(Ferdinand) Porsche

CintheaHeywood
    $800 10
(Cinthea: What is "The Yellow Rose of Texas?")

(1 of) She Wore a Yellow Ribbon, Fort Apache, or Rio Grande

Cinthea
    $800 14
hydrogen

Heywood
    $800 7
William Shakespeare

Triple Stumper
    $1000 25
(Alex: We have less than a minute to go.)

Cromwell

Cinthea
    $1000 20
(Alex: That's it, they make the Jaguar, among others.)

British Leyland

Heywood
    $1000 11
(Cinthea: What is the Soviet Union?)

Canada

Cinthea
Triple Stumper
    $1000 15
(Cinthea: What is sucrose?)

glucose

Cinthea
Triple Stumper
    $1000 8
"Only the Good Die Young"

Triple Stumper

Scores at the end of the Double Jeopardy! Round:

Cinthea Colleen Heywood
$100 $1,500 $5,500
(lock game)

[wagering suggestions for these scores]

Final Jeopardy! Round responses

MAGAZINES
CintheaWhat is Cosmopolitan
$99
ColleenWhat is Cosmopolitan?
$500
HeywoodWhat is People
$1,500
Cosmopolitan

Final scores:

Cinthea Colleen Heywood
$199 $2,000 $4,000
3rd place: Frigidaire refrigerator & freezer 2nd place: stay at Ingleside Inn in Palm Springs & Magnavox camcorder New champion: $4,000

Game dynamics:

Coryat scores:

Cinthea Colleen Heywood
$3,800 $1,500 $5,500
20 R,
7 W
(including 3 DDs)
9 R,
3 W
15 R,
3 W

Combined Coryat: $10,800

[game clues] [game scores] [suggest correction]

Game tape date: 1987-06-22
The J! Archive is created by fans, for fans. Scraping, republication, monetization, and malicious use prohibited; this site may use cookies and collect identifying information. See terms. The Jeopardy! game show and all elements thereof, including but not limited to copyright and trademark thereto, are the property of Jeopardy Productions, Inc. and are protected under law. This website is not affiliated with, sponsored by, or operated by Jeopardy Productions, Inc. Join the discussion at JBoard.tv.